00388nam a2200121Ia 4500008004100000020001800041050002500059100002200084245007500106260005700181300002100238521000700259140609s9999 xx 000 0 und d a9789715844820 aPL 6062.3b.R33 2006 aReyes, Edgardo M. aSa aking panahon :b13 piling katha (at isa pa!) /cEdgardo M. Reyes aManila, Philippines :bC&E Publishing, Inc.,cc2006. a213 p. ;c22 cm. aGE